| 000 | 00000nam##2200000za#4500 |
| 001 | 9.608010 |
| 003 | CaOODSP |
| 005 | 20210624213418 |
| 007 | cr ||||||||||| |
| 008 | 150406|2014||||xxc|||||o f|0| 0 fre|d |
| 020 | |a978-0-660-22985-0 |
| 040 | |aCaOODSP|bfre |
| 043 | |an-cn--- |
| 086 | 1 |aEm7-2/4-2014F-PDF |
| 110 | 1 |aCanada. |bEmploi et développement social Canada. |bProgramme du travail. |
| 245 | 10|aDroit de refuser d'exécuter un travail dangereux |h[ressource électronique] |
| 260 | |aOttawa - Ontario : |bEmploi et Développement social Canada. |cc2014. |
| 300 | |a7p.|bfigure |
| 490 | 1 |aRenseignements sur la santé et la sécurité au travail |v4 |
| 590 | |a15-03|b2015-01-16 |
| 691 | 07|aSécurité en milieu de travail|2gcpds |
| 775 | 08|tRight to refuse dangerous work |w(CaOODSP)9.581162 |
| 830 | #0|aRenseignements sur la santé et la sécurité au travail ;|v4|w(CaOODSP)9.501396 |
| 856 | 40|ahttp://publications.gc.ca|qPDF|s449 Ko|uhttps://publications.gc.ca/collections/collection_2015/edsc-esdc/Em7-2-4-2014-fra.pdf|y4 |
| 986 | |aLT-095-11-14F |